La France a l'encan

Đã lưu trong:
書目詳細資料
主要作者: Henry Coston
格式: 圖書
語言:Undetermined
出版: Mars Numero Special 1965
主題:
標簽: 添加標簽
沒有標簽, 成為第一個標記此記錄!
Thư viện lưu trữ: Trung tâm Học liệu Trường Đại học Cần Thơ
LEADER 00454nam a2200181Ia 4500
001 CTU_84926
008 210402s9999 xx 000 0 und d
082 |a 330.9 
082 |b C842 
100 |a Henry Coston 
245 0 |a La France a l'encan 
245 0 |c Henry Coston 
260 |a Mars 
260 |b Numero Special 
260 |c 1965 
650 |a Frence 
650 |x economic development 
980 |a Trung tâm Học liệu Trường Đại học Cần Thơ